• AIU
  • Tony Wilmot Memorial Library

The Acts of the Apostles / (Record no. 68731)

MARC details
000 -LEADER
fixed length control field 01299cam a2200337 a 4500
001 - CONTROL NUMBER
control field 15644352
003 - CONTROL NUMBER IDENTIFIER
control field OSt
005 - DATE AND TIME OF LATEST TRANSACTION
control field 20251114163718.0
008 - FIXED-LENGTH DATA ELEMENTS--GENERAL INFORMATION
fixed length control field 090303s2009 miu b 001 0 eng
010 ## - LIBRARY OF CONGRESS CONTROL NUMBER
LC control number 2009009271
020 ## - INTERNATIONAL STANDARD BOOK NUMBER
International Standard Book Number 9780802837318
Qualifying information cloth : alk. paper
020 ## - INTERNATIONAL STANDARD BOOK NUMBER
International Standard Book Number 080283731X
Qualifying information cloth : alk. paper
035 ## - SYSTEM CONTROL NUMBER
System control number 15644352
035 ## - SYSTEM CONTROL NUMBER
System control number (OCoLC)262878965
040 ## - CATALOGING SOURCE
Original cataloging agency DLC
Transcribing agency DLC
Modifying agency BTCTA
-- YDXCP
-- BTA
-- YDX
-- C#P
-- BWX
-- DLC
050 00 - LIBRARY OF CONGRESS CALL NUMBER
Classification number BS2625.53
Item number .P43 2009
082 00 - DEWEY DECIMAL CLASSIFICATION NUMBER
Classification number 226.6/07
Edition number 22
100 1# - MAIN ENTRY--PERSONAL NAME
Personal name Peterson, David,
Dates associated with a name 1944-
9 (RLIN) 58804
245 14 - TITLE STATEMENT
Title The Acts of the Apostles /
Statement of responsibility, etc David G. Peterson.
260 ## - PUBLICATION, DISTRIBUTION, ETC. (IMPRINT)
Place of publication, distribution, etc Grand Rapids, Mich. :
Name of publisher, distributor, etc William B. Eerdmans Pub. Co. ;
Place of publication, distribution, etc Nottingham, England :
Name of publisher, distributor, etc Apollos,
Date of publication, distribution, etc c2009.
300 ## - PHYSICAL DESCRIPTION
Extent lv, 790 p. ;
Dimensions 24 cm.
490 1# - SERIES STATEMENT
Series statement The Pillar New Testament commentary
504 ## - BIBLIOGRAPHY, ETC. NOTE
Bibliography, etc Includes bibliographical references (xxvi-lv) and indexes.
630 00 - SUBJECT ADDED ENTRY--UNIFORM TITLE
Uniform title Bible.
Name of part/section of a work Acts
Form subdivision Commentaries.
9 (RLIN) 26551
655 #7 - INDEX TERM--GENRE/FORM
Genre/form data or focus term Commentaries.
Source of term lcgft
9 (RLIN) 41868
830 #0 - SERIES ADDED ENTRY--UNIFORM TITLE
Uniform title Pillar New Testament commentary.
9 (RLIN) 10438
906 ## - LOCAL DATA ELEMENT F, LDF (RLIN)
a 7
b cbc
c orignew
d 1
e ecip
f 20
g y-gencatlg
942 ## - ADDED ENTRY ELEMENTS (KOHA)
Source of classification or shelving scheme Library of Congress Classification
Koha item type Books
Holdings
Withdrawn status Lost status Source of classification or shelving scheme Damaged status Not for loan Collection code Home library Current library Shelving location Date acquired Source of acquisition Cost, normal purchase price Total Checkouts Full call number Barcode Date last seen Copy number Cost, replacement price Price effective from Koha item type
    Library of Congress Classification     General Circulation AIU/NEGST - Tony Wilmot Memorial Library AIU/NEGST - Tony Wilmot Memorial Library General Stacks 11/11/2025 G- CLA (David Holst) 25.00   BS 2625.53 .P43 2009 T05848W3232 11/14/2025 1 25.00 11/14/2025 Books